| 000 | 00538nam a2200169 a 4500 | ||
|---|---|---|---|
| 005 | 20240924070136.0 | ||
| 008 | 991125s1976 mx 000 0 spa u | ||
| 035 | _aUPN01000003084 | ||
| 049 | _aCG | ||
| 050 | 4 |
_aJC131 _bA5.4 |
|
| 245 | 0 | 0 | _aAntigüedad, edad media y surgimiento del estado moderno. |
| 260 |
_a[México] : _bUAM-Azcapotzalco, División de Ciencias Sociales y Humanidades _c[1976?]. |
||
| 300 | _a173 p. | ||
| 500 | _a"Curso sobre doctrinas políticas y sociales I" | ||
| 650 | 4 |
_aEstado _xHistoria _923307 |
|
| 905 | _aLibro | ||
| 999 |
_c3084 _d3084 |
||